| 000 | 00660nam a2200265Ia 4500 | ||
|---|---|---|---|
| 005 | 20250425162432.0 | ||
| 008 | 250425s9999 xx 000 0 und d | ||
| 020 | _a9586571572 | ||
| 041 | _aspa | ||
| 043 | _ack | ||
| 082 | _a621.395 | ||
| 100 | _aHERNANDEZ M, JORGE EDUARDO | ||
| 245 | 0 | _aCURSO PRACTICO DE ELECTRONICA MODERNA: COMPONENTES Y TEORIA DE CIRCUITOS | |
| 250 | _aS.E. | ||
| 260 |
_aColombia _bCEKIT _c1999 |
||
| 260 | _aS.L. | ||
| 300 | _a168 | ||
| 650 | _aCOMPONENTES ELECTRONICOS | ||
| 650 | _aELECTRONICA | ||
| 650 | _aTEORIA DE CIRCUITO | ||
| 700 | _aDUQUE C, EDISON | ||
| 710 | _aCEKIT | ||
| 942 | _c01 | ||
| 010 | _a73814 | ||
| 999 |
_c229176 _d229176 |
||